| 000 | 00437nam a22001577a 4500 | ||
|---|---|---|---|
| 005 | 20250411110730.0 | ||
| 008 | 250411b |||||||| |||| 00| 0 eng d | ||
| 020 | _a9780785242192 | ||
| 050 | _aBS480 MCD | ||
| 100 | _aMcDowell Josh | ||
| 245 |
_aThe New Evidence that Demands a Verdict _cJosh McDowell |
||
| 260 |
_aNashville _bThomas Nelson Publishers _c1999 |
||
| 300 |
_aliii. 760p. _c22 cm |
||
| 650 | _2Theology | ||
| 942 |
_2lcc _cBK _n0 |
||
| 999 |
_c5403 _d5403 |
||